00490cam a2200169Ia 4500020001700000020001600017040000800033082002600041245004500067260004300112300002500155650002800180650002900208650004500237700001900282700001900301 a0618124942 : a0618124934  cUWB a813 HOU 2002 A094 Or.04aThe best American mystery stories 2002 / aBoston :bHoughton Mifflin Co.,c2002. axv, 405 p. ;c22 cm. 0aShort stories, American 0aShort stories, American. 0aDetective and mystery stories, American.1 aEllroy, James,1 aPenzler, Otto.